Risk stratification and management of patients with sustained ventricular tachycardia or ventricular fibrillation

में बचाया:
ग्रंथसूची विवरण
मुख्य लेखक: Anna Clara Paulina Wiesfeld
स्वरूप: पुस्तक
भाषा:Undetermined
प्रकाशित: Groningen Rijksuniversiteit Groningen 1994
विषय:
टैग : टैग जोड़ें
कोई टैग नहीं, इस रिकॉर्ड को टैग करने वाले पहले व्यक्ति बनें!
Thư viện lưu trữ: Trung tâm Học liệu Trường Đại học Cần Thơ
LEADER 00618nam a2200181Ia 4500
001 CTU_34080
008 210402s9999 xx 000 0 und d
082 |a 616.1 
082 |b P327 
100 |a Anna Clara Paulina Wiesfeld 
245 0 |a Risk stratification and management of patients with sustained ventricular tachycardia or ventricular fibrillation 
245 0 |c Anna Clara Paulina Wiesfeld 
260 |a Groningen 
260 |b Rijksuniversiteit Groningen 
260 |c 1994 
650 |a heart diseases 
904 |i Nguyễn Quang Điền, 991124 
980 |a Trung tâm Học liệu Trường Đại học Cần Thơ